[Event "AUTO-INT-3630"]
[Site "http://www.queenalice.com/game.php?id=1640982"]
[Date "2021.1.22"]
[Round "1"]
[White "akleetch"]
[Black "fferraz"]
[Result "1-0"]
[WhiteElo "1732"]
[BlackElo "1504"]

1. e4 Nc6 2. d4 e5 3. d5 Nb4 4. c3 Na6 5. Nf3 Qf6 6. Be3 Bc5 7. Bd3 Qg6 8. Bxa6
Bxe3 9. fxe3 bxa6 10. Nbd2 Nf6 11. Qc2 Qxg2 12. Rg1 Qh3 13. O-O-O Nxe4 14. Qxe4
O-O 15. Rg3 Qh6 16. Qxe5 d6 17. Qd4 Re8 18. Nh4 c5 19. Qf4 Qxf4 20. exf4 Re2 21.
Ndf3 Re4 22. f5 Rb8 23. f6 Re2 24. Rxg7+ Kf8 25. Rxh7 Ke8 26. Rh8+ Kd7 27. Rd2
Rxd2 28. Nxd2 Kc7 29. Rh7 Kb6 30. Nc4+ Kb5 31. Nxd6+ Kb6 32. Nxf7 Bg4 33. d6 Kc6
34. Ne5+ Kd5 35. Nxg4 Kxd6 36. f7 Ke6 37. Nh6 a5 38. Rg7 Kf6 39. Rg8 Ke7 40.
Rxb8 1-0

[Event "AUTO-OPEN-4251"]
[Site "http://www.queenalice.com/game.php?id=1641074"]
[Date "2021.1.23"]
[Round "1"]
[White "fferraz"]
[Black "SGrillo"]
[Result "0-1"]
[WhiteElo "1527"]
[BlackElo "1782"]

1. e4 e5 2. Qf3 Qf6 3. Bc4 d6 4. d3 Qxf3 5. Nxf3 h6 6. O-O Nf6 7. Nc3 Nc6 8. Nd5
Nxd5 9. Bxd5 Bd7 10. a4 Rb8 11. Nh4 Ne7 12. b3 a6 13. f4 Nxd5 14. exd5 exf4 15.
Bxf4 Be7 16. Rae1 Kd8 17. g3 g5 18. Bxg5 hxg5 19. Rxf7 gxh4 20. Rexe7 Bh3 21.
Rxc7 Rg8 22. Rce7 hxg3 23. Re3 Re8 24. Rxg3 Re1+ 25. Kf2 Rf1+ 26. Ke2 Rxf7 27.
Rxh3 Kc7 28. c4 Re8+ 29. Re3 Rxe3+ 30. Kxe3 Rh7 31. Ke4 Rxh2 32. b4 Ra2 33. b5
Rxa4 34. Kd4 axb5 35. Kc3 bxc4 36. dxc4 Kb6 37. Kb3 Ra5 38. Kb4 Rc5 39. Kc3 Ka5
40. Kd4 Kb4 41. Kd3 Rxc4 42. Kd2 Rc3 43. Kd1 Kc4 44. Kd2 Ra3 45. Kc2 Ra2+ 46.
Kb1 Rh2 47. Kc1 Kd3 48. Kd1 Rh1# 0-1

[Event "AUTO-OPEN-4251"]
[Site "http://www.queenalice.com/game.php?id=1641075"]
[Date "2021.1.23"]
[Round "1"]
[White "SGrillo"]
[Black "fferraz"]
[Result "1-0"]
[WhiteElo "1777"]
[BlackElo "1495"]

1. e4 e5 2. Nf3 Nf6 3. d3 Bc5 4. h3 Ng4 5. hxg4 Qf6 6. Qe2 Nc6 7. Be3 d6 8. Nh2
Nd4 9. Qd2 Bb4 10. c3 O-O 11. Qd1 Nc6 12. cxb4 Nxb4 13. a3 Na6 14. f3 Bd7 15.
Nc3 Nc5 16. Bxc5 dxc5 17. Nd5 c6 18. Nxf6+ gxf6 19. Qc2 b6 20. Be2 a5 21. Qb3
Be6 22. Qxb6 Rab8 23. Qxa5 Rxb2 24. Qxc5 Bd7 25. a4 Rfb8 26. Kf2 Rd2 27. a5 Rbb2
28. Rhe1 Rb5 29. Qe7 Bc8 30. Qd8+ Kg7 31. Qxc8 Kg6 32. Qxc6 Rbb2 33. a6 Rxe2+
34. Rxe2 Rxe2+ 35. Kxe2 h5 36. a7 hxg4 37. Nxg4 Kh5 38. a8=Q Kh4 39. Qh8+ Kg5
40. Qcxf6# 1-0

[Event "AUTO-OPEN-4251"]
[Site "http://www.queenalice.com/game.php?id=1641076"]
[Date "2021.1.23"]
[Round "1"]
[White "fferraz"]
[Black "Canaye"]
[Result "0-1"]
[WhiteElo "1541"]
[BlackElo "1884"]

1. e4 e6 2. e5 d5 3. Qf3 c5 4. Bb5+ Bd7 5. Nh3 Bxb5 6. Ng5 Qc7 7. Qf4 h6 8. Qh4
Be7 9. d3 Bxg5 10. Bxg5 Ne7 11. Nd2 Nbc6 12. Nb3 b6 13. O-O-O O-O-O 14. Bd2 Nxe5
15. Rhe1 g5 16. Qg3 Nf5 17. Qh3 f6 18. g4 Nd4 19. Nxd4 cxd4 20. f4 Nxd3+ 21. Kb1
Nxe1 22. Rxe1 Rd6 23. fxg5 fxg5 24. Bxg5 Rc6 25. Rc1 Qe5 26. Be7 d3 27. c3 d2
28. Rd1 Qe2 29. Qf1 Qxf1 30. Kc2 Qd3+ 31. Kb3 Bc4+ 32. Kb4 a5+ 33. Ka4 Qc2+ 34.
Ka3 Qxd1 35. b3 Qxb3+ 36. axb3 Bxb3 37. Kxb3 d1=Q+ 38. Kb2 Qd2+ 39. Kb1 Rxc3 40.
Bf6 Qc2+ 41. Ka1 Ra3# 0-1

[Event "AUTO-OPEN-4251"]
[Site "http://www.queenalice.com/game.php?id=1641077"]
[Date "2021.1.23"]
[Round "1"]
[White "Canaye"]
[Black "fferraz"]
[Result "1-0"]
[WhiteElo "1883"]
[BlackElo "1565"]

1. d4 Nf6 2. c4 c6 3. Nc3 Qa5 4. Nf3 Ne4 5. Qc2 f5 6. e3 Na6 7. Bd2 Nb4 8. Qb3
e6 9. Be2 Nxd2 10. Nxd2 d5 11. O-O dxc4 12. Bxc4 c5 13. Qa4+ Qxa4 14. Nxa4 Nc2
15. Rac1 Nb4 16. Nxc5 b6 17. Nxe6 Nd3 18. Nc7+ Kd8 19. Bxd3 Bd6 20. Nxa8 Bb7 21.
Nxb6 axb6 22. Bb5 h5 23. Rc2 Ke7 24. Rfc1 Rc8 25. Rxc8 Bxc8 26. Rxc8 g5 27. Nc4
f4 28. e4 g4 29. e5 Bb4 30. Re8+ Kf7 31. e6+ Kf6 32. d5 Kf5 33. d6 g3 34. d7 Kg4
35. h3+ Kh4 36. d8=Q+ 1-0

[Event "AUTO-OPEN-4251"]
[Site "http://www.queenalice.com/game.php?id=1641078"]
[Date "2021.1.23"]
[Round "1"]
[White "fferraz"]
[Black "LOMBARDY"]
[Result "0-1"]
[WhiteElo "1483"]
[BlackElo "2250"]

1. e4 e5 2. Qf3 Nc6 3. Bc4 Nf6 4. Ne2 Bc5 5. Qg3 O-O 6. d4 exd4 7. Bh6 Nh5 8.
Qg4 g6 9. Nf4 Nxf4 10. Qxf4 d6 11. Bxf8 Qxf8 12. Nd2 a6 13. Nb3 Bb4+ 14. c3 dxc3
15. bxc3 Bxc3+ 16. Ke2 Bxa1 17. Rxa1 Ne5 18. Bd5 c6 19. Bxf7+ Qxf7 20. Qxf7+
Nxf7 21. h3 Be6 22. Nd4 Bc4+ 23. Ke3 Re8 24. f3 d5 25. Rc1 Nd6 26. g4 Bxa2 27.
h4 Nb5 28. h5 dxe4 29. fxe4 Bd5 30. hxg6 Rxe4+ 31. Kd3 Rxd4+ 32. Ke3 hxg6 33.
Re1 a5 34. Kf2 a4 35. g5 a3 36. Re8+ Kf7 37. Rb8 Nd6 38. Ke3 Re4+ 39. Kd3 a2 40.
Ra8 b5 41. Ra7+ Ke6 42. Kc2 b4 43. Kb2 b3 44. Ra5 Nc4+ 0-1

[Event "AUTO-OPEN-4251"]
[Site "http://www.queenalice.com/game.php?id=1641079"]
[Date "2021.1.23"]
[Round "1"]
[White "LOMBARDY"]
[Black "fferraz"]
[Result "1-0"]
[WhiteElo "2267"]
[BlackElo "1493"]

1. d4 Nf6 2. c4 d5 3. cxd5 Qxd5 4. Nc3 Qf5 5. g3 Ng4 6. Nf3 Nc6 7. e4 Qf6 8. e5
Qf5 9. Bd3 Qh5 10. Nd5 Kd7 11. Nf4 Qh6 12. O-O Nxd4 13. Bf5+ Ke8 14. Bxg4 Nxf3+
15. Bxf3 b6 16. Nd5 f6 17. Nxc7+ Kf7 18. Bxh6 gxh6 19. Bh5+ Kg8 20. exf6 exf6
21. Qd5+ Be6 22. Qxe6+ Kg7 23. Qf7# 1-0

[Event "AUTO-OPEN-4253"]
[Site "http://www.queenalice.com/game.php?id=1641776"]
[Date "2021.1.28"]
[Round "1"]
[White "Kant"]
[Black "fferraz"]
[Result "1-0"]
[WhiteElo "2333"]
[BlackElo "1520"]

1. Nf3 e6 2. e4 Bc5 3. d4 Bb6 4. c3 Nc6 5. Bd3 Qf6 6. O-O h5 7. Bg5 Qg6 8. e5
Qxd3 9. Qxd3 f6 10. Qg6+ Kd8 11. Qxg7 Nce7 12. Qf8# 1-0

[Event "AUTO-OPEN-4253"]
[Site "http://www.queenalice.com/game.php?id=1641777"]
[Date "2021.1.28"]
[Round "1"]
[White "fferraz"]
[Black "Kant"]
[Result "0-1"]
[WhiteElo "1510"]
[BlackElo "2353"]

1. e4 c5 2. Bc4 Nc6 3. Qf3 Nf6 4. Nc3 e6 5. Qg3 d5 6. e5 dxc4 7. exf6 Qxf6 8.
Ne4 Qd4 9. Ng5 Bd6 10. N1f3 Bxg3 11. Nxd4 Nxd4 12. hxg3 Nxc2+ 13. Kd1 Nxa1 14.
d3 cxd3 15. Kd2 Nc2 16. Kxd3 Nb4+ 17. Kc4 b6 18. Ne4 Nxa2 19. Bf4 O-O 20. Ng5 f6
21. Nxh7 Rd8 22. Be3 e5 23. f4 Be6+ 24. Kb5 Bd7+ 25. Kc4 Ba4 26. b3 b5+ 27. Kxc5
Rac8# 0-1

[Event "AUTO-OPEN-4253"]
[Site "http://www.queenalice.com/game.php?id=1641796"]
[Date "2021.1.28"]
[Round "1"]
[White "Pin"]
[Black "fferraz"]
[Result "1-0"]
[WhiteElo "1975"]
[BlackElo "1481"]

1. e4 e5 2. Nf3 d6 3. d4 Nc6 4. dxe5 dxe5 5. Qxd8+ Kxd8 6. Bb5 Nf6 7. Bxc6 bxc6
8. Nbd2 Ba6 9. Nxe5 Ke8 10. Nxc6 Bc5 11. f3 Nh5 12. Nb3 Bb6 13. Bd2 Bb5 14. Ncd4
Bxd4 15. Nxd4 a6 16. O-O-O c5 17. Nxb5 axb5 18. Kb1 Ke7 19. Be3 Rhd8 20. Bxc5+
Ke6 21. Be3 Rxd1+ 22. Rxd1 Ra6 23. Bg5 Rd6 24. Rxd6+ Kxd6 25. g4 h6 26. Bh4 g5
27. Bg3+ Nxg3 28. hxg3 b4 29. Kc1 Ke5 30. Kd2 Kd4 31. Ke2 f6 32. Kd2 Kc4 33. Ke3
Kc5 34. f4 gxf4+ 35. gxf4 Kd6 36. Kd4 b3 37. axb3 Ke6 38. b4 Kd6 39. b5 Kc7 40.
Kd5 Kb6 41. c4 Ka5 42. Ke6 Kb4 43. b6 Kxc4 44. b7 Kd4 45. Kxf6 Kxe4 46. b8=Q h5
47. Qe5+ Kf3 48. gxh5 1-0

[Event "AUTO-OPEN-4253"]
[Site "http://www.queenalice.com/game.php?id=1641797"]
[Date "2021.1.28"]
[Round "1"]
[White "fferraz"]
[Black "Pin"]
[Result "1-0"]
[WhiteElo "1490"]
[BlackElo "2117"]

1. e4 c5 2. Qf3 Nc6 3. Bc4 Ne5 4. Qc3 Nxc4 5. Qxc4 e6 6. Nf3 d6 7. d4 cxd4 8.
Nxd4 Nf6 9. Nc3 a6 10. f4 Be7 11. e5 dxe5 12. fxe5 Nd7 13. O-O Nxe5 14. Qa4+ Bd7
15. Qb3 b5 16. Ne4 O-O 17. Qg3 Ng6 18. Bg5 Bxg5 19. Nxg5 e5 20. Ne2 f6 21. Qb3+
Kh8 22. Nf7+ Rxf7 23. Qxf7 Qb6+ 24. Kh1 Bg4 25. Ng3 Rf8 26. Qb3 Be6 27. Qa3 Rd8
28. Rad1 Re8 29. Ne4 Rc8 30. Nd6 Rd8 31. h3 h6 32. Rd2 b4 33. Qd3 Rf8 34. Qxg6
Bxa2 35. Rfd1 Bg8 36. Nf5 Qb7 37. Rd7 1-0

[Event "AUTO-OPEN-4253"]
[Site "http://www.queenalice.com/game.php?id=1641806"]
[Date "2021.1.28"]
[Round "1"]
[White "Artking"]
[Black "fferraz"]
[Result "1-0"]
[WhiteElo "2111"]
[BlackElo "1552"]

1. Nf3 d6 2. d4 c5 3. dxc5 dxc5 4. Nbd2 Nf6 5. e4 Nc6 6. Bc4 Qa5 7. O-O Bg4 8.
h3 Bxf3 9. Nxf3 Nxe4 10. Qd5 Nd6 11. Ng5 h6 12. Nxf7 Nxf7 13. Qxf7+ Kd8 14. Rd1+
Kc7 15. Bf4+ Kb6 16. b4 Nxb4 17. Rab1 a6 18. c3 g5 19. cxb4 cxb4 20. Qe6+ Ka7
21. Be5 Qb6 22. Qxb6+ Kxb6 23. Bxh8 Kc5 24. Be6 Kb5 25. Rd7 Rc8 26. Rxb7+ Kc6
27. Bxc8 e5 28. Bxe5 a5 29. Rf7 Bd6 30. Bb7+ Kc5 31. Rc1+ Kb6 32. Bd4+ Kb5 33.
Bc6+ Ka6 34. Ra7# 1-0

[Event "AUTO-OPEN-4253"]
[Site "http://www.queenalice.com/game.php?id=1641807"]
[Date "2021.1.28"]
[Round "1"]
[White "fferraz"]
[Black "Artking"]
[Result "0-1"]
[WhiteElo "1554"]
[BlackElo "2110"]

1. e4 d5 2. Qf3 dxe4 3. Qxe4 Nf6 4. Qe5 Nc6 5. Bb5 Bd7 6. Qc3 e6 7. Nf3 Bb4 8.
Qc4 Qe7 9. a3 Bc5 10. b4 Bb6 11. d3 O-O-O 12. Bf4 e5 13. Bxc6 Bxc6 14. Nxe5 Bxg2
15. Rg1 Bd5 16. Qc3 Nh5 17. Bg3 Nxg3 18. hxg3 f6 19. a4 fxe5 20. Na3 Bd4 21. Qd2
Bxa1 22. Qd1 Bc3+ 23. Ke2 Rhf8 24. Nb5 Rxf2+ 25. Kxf2 Qf6+ 26. Ke3 Qg5+ 27. Kf2
Qf5+ 28. Ke3 Rf8 29. Nxc3 Qf2# 0-1

[Event "AUTO-INT-3634"]
[Site "http://www.queenalice.com/game.php?id=1641882"]
[Date "2021.1.29"]
[Round "1"]
[White "akleetch"]
[Black "fferraz"]
[Result "1-0"]
[WhiteElo "1724"]
[BlackElo "1512"]

1. e4 e5 2. Nc3 Bc5 3. a3 Qf6 4. Nf3 Nc6 5. Nd5 Qd6 6. c3 Nf6 7. Bd3 Ng4 8. O-O
O-O 9. h3 Na5 10. hxg4 c6 11. Ne3 Qxd3 12. Qc2 Qe2 13. d4 Qxc2 14. Nxc2 exd4 15.
cxd4 Be7 16. e5 d6 17. Bf4 Nc4 18. b4 dxe5 19. dxe5 Bxg4 20. Nfd4 c5 21. f3 cxd4
22. Nxd4 a5 23. fxg4 g5 24. Bc1 Nxe5 25. Nf5 Rfe8 26. Bb2 Nd3 27. Nh6+ Kf8 28.
Rxf7# 1-0

[Event "AUTO-INT-3634"]
[Site "http://www.queenalice.com/game.php?id=1641883"]
[Date "2021.1.29"]
[Round "1"]
[White "fferraz"]
[Black "akleetch"]
[Result "0-1"]
[WhiteElo "1521"]
[BlackElo "1707"]

1. e4 e5 2. Nc3 Nc6 3. Bc4 Nf6 4. Qf3 Nd4 5. Qe3 Nxc2+ 6. Ke2 Nxe3 7. fxe3 a6 8.
Nf3 d6 9. Ng5 Be6 10. Bxe6 fxe6 11. Nxe6 Qe7 12. Ng5 h6 13. Nf3 O-O-O 14. Nd5
Qe6 15. a4 Nxe4 16. Nc3 Qc4+ 17. d3 Nxc3+ 18. bxc3 Qxc3 19. Bd2 Qc6 20. Rhc1 Qd5
21. e4 Qf7 22. Ba5 Rd7 23. d4 g5 24. dxe5 g4 25. Nd4 dxe5 26. Rc5 Bxc5 0-1

[Event "AUTO-INT-3634"]
[Site "http://www.queenalice.com/game.php?id=1641900"]
[Date "2021.1.29"]
[Round "1"]
[White "fferraz"]
[Black "balu"]
[Result "1-0"]
[WhiteElo "1493"]
[BlackElo "1442"]

1. e4 e5 2. Qf3 Qf6 3. Nc3 Qxf3 4. Nxf3 Nc6 5. Nd5 Bd6 6. Bc4 h6 7. O-O Nge7 8.
a4 Na5 9. b3 Nxc4 10. bxc4 O-O 11. Nxe7+ Bxe7 12. Nxe5 c5 13. Ba3 d6 14. Nd3 a5
15. Nf4 Be6 16. d3 Bg5 17. Nh5 g6 18. f4 Bh4 19. g3 Be7 20. Rab1 gxh5 21. Rxb7
Bf6 22. f5 Bc8 23. Rb6 Be5 24. Bc1 Kh7 25. c3 Bd7 26. d4 cxd4 27. Rb7 Bc6 28.
Re7 Bxa4 29. cxd4 Bxd4+ 30. Kg2 Bc6 31. Bf4 Bf6 32. Bxd6 Bxe7 33. Bxe7 Bxe4+ 34.
Kf2 Rfe8 35. f6 Bd3 36. Re1 Bxc4 37. Rc1 Be6 38. Rc5 a4 39. Rxh5 a3 40. Bxa3
Rxa3 41. Re5 1-0

[Event "AUTO-INT-3634"]
[Site "http://www.queenalice.com/game.php?id=1641901"]
[Date "2021.1.29"]
[Round "1"]
[White "balu"]
[Black "fferraz"]
[Result "0-1"]
[WhiteElo "1428"]
[BlackElo "1507"]

1. e4 Nc6 2. Nf3 e5 3. Bc4 Bc5 4. c3 Na5 5. Nxe5 Qf6 6. Bxf7+ Kd8 7. f4 Qxf4 8.
d4 Qf6 9. dxc5 Qxe5 10. O-O Nh6 11. Bxh6 gxh6 12. Bd5 Rg8 13. Bxg8 Qxc5+ 14. Qd4
Qxd4+ 15. cxd4 c6 16. Bxh7 d5 17. Bf5 dxe4 18. Bxe4 Nc4 19. b3 Ne3 20. Rf3 Ng4
21. Rf8+ Ke7 22. Nd2 Kxf8 23. Rf1+ Ke7 24. b4 Ne3 25. Re1 Ng4 26. a4 Be6 27. Bf5
Nxh2 28. Kxh2 Kf6 29. Bxe6 Re8 30. Ne4+ Kxe6 31. Nc5+ Kf7 32. Rxe8 Kxe8 33. Nxb7
Kd7 34. Nc5+ Kd6 35. b5 cxb5 36. axb5 Kd5 37. Na4 Kxd4 38. Kh3 Kc4 39. b6 axb6
40. Nxb6+ Kc5 0-1

[Event "AUTO-INT-3634"]
[Site "http://www.queenalice.com/game.php?id=1641902"]
[Date "2021.1.29"]
[Round "1"]
[White "fferraz"]
[Black "Givanildo"]
[Result "0-1"]
[WhiteElo "1508"]
[BlackElo "1608"]

1. e4 d5 2. e5 Bf5 3. Nc3 e6 4. g4 Bg6 5. Nf3 h6 6. Nd4 a6 7. Qf3 Be4 8. Qf4 g5
9. Qg3 Bxh1 10. Bg2 Bxg2 11. Qxg2 Bb4 12. Qf3 f6 13. Nxe6 Qe7 14. Qxd5 c6 15.
exf6 Nxf6 16. Qd8+ Qxd8 17. Nxd8 Kxd8 18. Na4 Re8+ 19. Kf1 Nxg4 20. Kg2 Nd7 21.
c3 Ba5 22. h3 Nge5 23. d4 Nd3 24. b4 Bc7 25. Ba3 Bd6 26. Rd1 Nf4+ 27. Kg3 b5 28.
h4 Ng6+ 29. Kg4 Nxh4 30. Kh5 Nf5 31. d5 bxa4 32. dxc6 Ne5 33. b5 Re6 34. Rxd6+
Rxd6 35. Bxd6 Nxd6 36. Kxh6 Nxb5 37. Kxg5 Nxc6 38. c4 Nbd4 39. Kf4 Ra7 40. Ke4
Re7+ 41. Kd5 Kd7 42. c5 Re5+ 43. Kc4 Ke6 44. f4 Rf5 45. a3 Rxf4 46. Kd3 Ne5+ 47.
Ke3 Rh4 48. c6 Ndxc6 49. Kf2 Nd4 50. Kg3 Nef3 51. Kg2 Ke5 52. Kg3 Rf4 53. Kf2
Nd2+ 54. Ke3 N4f3 55. Kd3 Rd4+ 56. Ke3 Ng1 57. Kf2 Ndf3 58. Ke3 Re4+ 59. Kf2 Kf4
60. Kg2 Kg4 61. Kf2 Nh3+ 62. Kg2 Nf4+ 63. Kf2 Nd2 64. Kg1 Kg3 65. Kh1 Re1# 0-1

[Event "AUTO-INT-3634"]
[Site "http://www.queenalice.com/game.php?id=1641903"]
[Date "2021.1.29"]
[Round "1"]
[White "Givanildo"]
[Black "fferraz"]
[Result "1-0"]
[WhiteElo "1663"]
[BlackElo "1503"]

1. d4 Nf6 2. h3 c6 3. Bf4 Qb6 4. Be3 Qxb2 5. Nd2 e5 6. Rb1 Qxa2 7. Ngf3 exd4 8.
Bxd4 Nd5 9. e4 c5 10. Ra1 Nc3 11. Bxc3 Qe6 12. Bc4 Qg6 13. O-O Bd6 14. e5 Be7
15. Bd3 Qh5 16. Ne4 d5 17. Nd6+ Bxd6 18. exd6 Bxh3 19. Qe2+ Kd7 20. Qe7+ 1-0

[Event "AUTO-INT-3629"]
[Site "http://www.queenalice.com/game.php?id=1760465"]
[Date "2021.5.26"]
[Round "2"]
[White "mennecy91"]
[Black "fferraz"]
[Result "1-0"]
[WhiteElo "1864"]
[BlackElo "1502"]

1. d4 e6 2. Nf3 c5 3. c3 Qa5 4. Nbd2 Nc6 5. e3 cxd4 6. exd4 Nf6 7. Bd3 Bd6 8.
O-O Qh5 9. Nc4 O-O 10. Nxd6 Ng4 11. h3 f5 12. hxg4 Qxg4 13. Ne5 Nxe5 14. dxe5 h5
15. Qxg4 fxg4 16. Bg6 b5 17. Bxh5 Ba6 18. Bxg4 b4 19. Rd1 bxc3 20. bxc3 Rab8 21.
Ba3 Rf4 22. Bf3 Rb6 23. Rd4 Rxd4 24. cxd4 Bd3 25. Bc5 Ra6 26. a4 Bc2 27. a5 Rc6
28. Bxc6 1-0

[Event "AUTO-INT-3629"]
[Site "http://www.queenalice.com/game.php?id=1760466"]
[Date "2021.5.26"]
[Round "2"]
[White "fferraz"]
[Black "mennecy91"]
[Result "0-1"]
[WhiteElo "1500"]
[BlackElo "1978"]

1. e3 d5 2. Qf3 Nf6 3. d4 Bg4 4. Qf4 e6 5. Be2 Bxe2 6. Nxe2 Bd6 7. Qg5 O-O 8.
O-O Nbd7 9. Nf4 Ne4 10. Qg4 Nef6 11. Qh3 c5 12. Nxe6 fxe6 13. Qxe6+ Kh8 14. Qxd6
cxd4 15. exd4 Ne4 16. Qxd5 Ndf6 17. Qxd8 Raxd8 18. f3 Nd6 19. Bf4 Nf5 20. g4
Nxd4 21. Na3 Ne2+ 22. Kf2 Nxf4 23. Kg3 g5 24. h4 h6 25. hxg5 hxg5 26. Rh1+ Kg7
27. Rae1 Rf7 28. Nc4 Ng6 29. b4 Rd4 30. Ne3 Rxb4 31. Nf5+ Kf8 32. Nd6 Re7 33.
Nc8 Rxe1 34. Rxe1 a6 35. Re6 Kf7 36. a3 Rxg4+ 37. fxg4 Kxe6 38. Nb6 Ne5 39. c4
Nfxg4 40. c5 Ne3 41. Kf2 N3c4 42. Nxc4 Nxc4 0-1

[Event "AUTO-INT-3629"]
[Site "http://www.queenalice.com/game.php?id=1760471"]
[Date "2021.5.26"]
[Round "2"]
[White "fferraz"]
[Black "Tenor"]
[Result "0-1"]
[WhiteElo "1516"]
[BlackElo "1558"]

1. e3 e5 2. Qf3 Nf6 3. Nc3 d5 4. Nh3 e4 5. Qf4 Bd6 6. Qh4 Nc6 7. Qg5 O-O 8. Nxd5
Nxd5 9. Qxd5 Qe7 10. Bc4 Nb4 11. Qh5 Nxc2+ 12. Kd1 Nxa1 13. Ng5 h6 14. h4 Bf5
15. Bd5 Bg6 16. Qg4 c6 17. Nxe4 cxd5 18. h5 Bxe4 19. Ke2 Qg5 20. f3 Qxg4 21.
fxg4 Rac8 22. d3 Bxg2 23. Rd1 Nc2 24. Kf2 Bh3 25. Kf3 Nb4 26. a3 Nc6 27. b4 f5
28. gxf5 Ne7 29. e4 Rc3 30. Bb2 Rc2 31. Bxg7 Kxg7 32. Rg1+ Kf6 33. exd5 Bxf5 0-1

[Event "AUTO-INT-3629"]
[Site "http://www.queenalice.com/game.php?id=1760472"]
[Date "2021.5.26"]
[Round "2"]
[White "Tenor"]
[Black "fferraz"]
[Result "0-1"]
[WhiteElo "1683"]
[BlackElo "1492"]

1. e4 e5 2. Nf3 Nc6 3. Bc4 Bc5 4. O-O Nf6 5. Ng5 O-O 6. Nc3 Na5 7. a3 Nxc4 8. d3
h6 9. Nxf7 Nxb2 10. Bxb2 Rxf7 11. Na4 Qe7 12. Nxc5 Qxc5 13. h3 g6 14. c3 Qb6 15.
Qd2 d5 16. exd5 Nxd5 17. c4 Nf4 18. Qe3 Qxb2 19. d4 Qxd4 20. Qxd4 Ne2+ 0-1

[Event "AUTO-INT-3629"]
[Site "http://www.queenalice.com/game.php?id=1760473"]
[Date "2021.5.26"]
[Round "2"]
[White "fferraz"]
[Black "akleetch"]
[Result "0-1"]
[WhiteElo "1496"]
[BlackElo "1789"]

1. d4 d5 2. e3 a6 3. Qf3 Nf6 4. Nc3 Nc6 5. a3 Bg4 6. Qf4 e6 7. h3 Bh5 8. g4 Bd6
9. Qg5 Bg6 10. Bd3 h6 11. Qh4 Ne4 12. Qxd8+ Rxd8 13. f3 Ng3 14. e4 Nxd4 15. exd5
Nxh1 16. dxe6 Nxe6 17. Nge2 Bc5 18. Ne4 Bb6 0-1

[Event "AUTO-INT-3629"]
[Site "http://www.queenalice.com/game.php?id=1760474"]
[Date "2021.5.26"]
[Round "2"]
[White "akleetch"]
[Black "fferraz"]
[Result "1-0"]
[WhiteElo "1784"]
[BlackElo "1501"]

1. e4 e5 2. Nc3 Qf6 3. a3 Bc5 4. Nf3 Nh6 5. Nd5 Qc6 6. Nxe5 Qa4 7. Nxc7+ Kd8 8.
Nxa8 b6 9. Bc4 Bb7 10. b3 Qa5 11. b4 Bxb4 12. O-O Bxa8 13. d4 Bc3 14. Rb1 Nc6
15. Bxh6 Nxe5 16. Bxg7 Rg8 17. Bxe5 Bxe4 18. f3 d6 19. Bxd6 1-0